Missing Word: Rock & Roll 'Love' Songs Quiz Stats

 Plays Quiz Updated Jun 28, 2015

Score 0/24 Timer 04:00
0 Plays Today
Song Title Answer % Correct
I Love Rock N' ____Roll
96.3%
I Wanna ____ What Love IsKnow
92.6%
Can't ____ Me LoveBuy
92.4%
I'd Do ____ For LoveAnything
91.3%
____ Little Thing Called LoveCrazy
81.6%
Need Your Love So ____Bad
73.5%
Why ____ This Be LoveCan't
73.5%
____ Will Be LovedShe
69%
The ____ I LoveOne
68%
Love ____ Its Ugly HeadRears
66.3%
Love Me ____ TimesTwo
60%
____ To LoveAddicted
53.6%
Song Title Answer % Correct
Love's A ____ GunLoaded
53.2%
Too ____ To Fall In LoveYoung
47.6%
____ Tell Me You Love MeDon't
46.1%
____ I'm In LoveFriday
45.5%
I ____ In A Thing Called LoveBelieve
43.7%
You ____ At LoveSuck
35.3%
____ In Love With A GirlFell
31.3%
Too ____ For LoveLate
26.3%
____ Love SongInterstate
25.5%
I Love This ____Town
17.6%
____ To Love HerUsed
16.7%
I Love It ____Loud
16.3%

Today's Daily Dose

You're not logged in!

Compare scores with friends on all Sporcle quizzes.
OR
Log In

Show Comments

Extras

Top Quizzes Today


Score Distribution

Your Account Isn't Verified!

In order to create a playlist on Sporcle, you need to verify the email address you used during registration. Go to your Sporcle Settings to finish the process.

Report this User

Report this user for behavior that violates our Community Guidelines.

Details: